000 00903nam a2200205Ia 4500
001 8461
003 GE_BSU
008 181216s||||||||xx |||||||||||||| ||und||
040 _cGE_BSU
245 _aაუდიტი,აღრიცხვა,ფინანსები. №12(168) 2013.
245 _bყოველთვიური ჟურნალი მეწარმეებისა და ფინანსისტებისათვის
245 _cგენ.დირ.ფრიდონ ალშიბაია,მთ.რედ.გიორგი ცერცვაძე.
260 _aთბილისი.
260 _bშპს "ააფ-მენეჯმენტი".
260 _c2013.
300 _a60გვ;30სმ.
653 _aაუდიტი აღრიცხვა ფინანსები
653 _aპერიოდიკა
942 _cCR
999 _c41780
_d41780